Companies Act with Rules / (Record no. 36)

000 -LEADER
fixed length control field 00514nam a2200157Ia 4500
008 - FIXED-LENGTH DATA ELEMENTS--GENERAL INFORMATION
fixed length control field 190719s9999||||xx |||||||||||||| ||und||
020 ## - INTERNATIONAL STANDARD BOOK NUMBER
International Standard Book Number 9789386394163
Terms of availability Rs. 750.00
040 ## - CATALOGING SOURCE
Original cataloging agency IMU Kochi
082 04 - DEWEY DECIMAL CLASSIFICATION NUMBER
Classification number 346.54066
Item number In235
110 ## - MAIN ENTRY--CORPORATE NAME
Corporate name or jurisdiction name as entry element The Institute of Company Secretaries of India
245 #0 - TITLE STATEMENT
Title Companies Act with Rules /
Statement of responsibility, etc. The Institute of Company Secretaries of India
260 ## - PUBLICATION, DISTRIBUTION, ETC.
Place of publication, distribution, etc. New Delhi :
Name of publisher, distributor, etc. Taxman ,
Date of publication, distribution, etc. 2017
300 ## - PHYSICAL DESCRIPTION
Extent various pagination
Dimensions ; 18 cm.
650 ## - SUBJECT ADDED ENTRY--TOPICAL TERM
Topical term or geographic name entry element Corporation law
Form subdivision Textbooks
942 ## - ADDED ENTRY ELEMENTS (KOHA)
Source of classification or shelving scheme
Koha item type Books
Holdings
Withdrawn status Lost status Damaged status Not for loan Collection code Permanent Location Current Location Shelving location Date acquired Source of acquisition Cost, normal purchase price Total Checkouts Full call number Barcode Date last seen Date last checked out Price effective from Koha item type Public note
        Law IMU Kochi Library IMU Kochi Library General Stacks 2017-06-16 Sterling Book House 750.00 1 346.54066 In235 BK004201 2019-08-28 2019-08-28 2019-07-19 Books Gen. Shelf-5, Row-5
        Law IMU Kochi Library IMU Kochi Library General Stacks 2017-06-16 Sterling Book House 750.00   346.54066 In235 BK004202 2019-07-19   2019-07-19 Books Gen. Shelf-5, Row-5
        Law IMU Kochi Library IMU Kochi Library General Stacks 2017-06-16 Sterling Book House 750.00   346.54066 In235 BK004203 2019-07-19   2019-07-19 Books Gen. Shelf-5, Row-5
        Law IMU Kochi Library IMU Kochi Library General Stacks 2017-06-16 Sterling Book House 750.00   346.54066 In235 BK004204 2019-07-19   2019-07-19 Books Gen. Shelf-5, Row-5
        Law IMU Kochi Library IMU Kochi Library General Stacks 2017-06-16 Sterling Book House 750.00   346.54066 In235 BK004205 2019-07-19   2019-07-19 Books Gen. Shelf-5, Row-5


Copyright © All Rights Reserved by Indian Maritime University, Kochi Campus.
For any Suggestions/Query Contact to library or Email: library.kochi@imu.ac.in Ph:(0484)-2989402
(Web OPAC Designed by Rudra Ranjan. Maintained by IMU Kochi Library)

Powered by Koha